|
|
|
|
| LEADER |
00000nam a2200000Ii 4500 |
| 001 |
DIGDEU1805 |
| 003 |
NyNyDIG |
| 006 |
m o d |
| 007 |
cr ||||||||||| |
| 008 |
130501s1994 sp a ob 000 0 spa d |
| 020 |
|
|
|a 9788498309812
|q (eBook)
|
| 020 |
|
|
|z 847485329X
|
| 020 |
|
|
|z 9788474853292
|
| 035 |
|
|
|a (OCoLC)888264373
|
| 040 |
|
|
|a DGITA
|b eng
|e pn
|c DGITA
|
| 050 |
1 |
4 |
|a LB43 eBook
|
| 245 |
0 |
0 |
|a Autonomía institucional de los centros educativos :
|b presupuestos, organizacion y estrategias /
|c edición a cargo de Aurelio Villa ; autores Joaquin Gairín ... [et al.].
|
| 264 |
|
1 |
|a Bilbao :
|b Universidad de Deusto,
|c 1994.
|
| 300 |
|
|
|a 1 online resource (532 pages) :
|b ill.
|
| 336 |
|
|
|a text
|b txt
|2 rdacontent
|
| 337 |
|
|
|a computer
|b c
|2 rdamedia
|
| 338 |
|
|
|a online resource
|b cr
|2 rdacarrier
|
| 490 |
1 |
|
|a Serie Pedagogía ;
|v vol. 5
|
| 504 |
|
|
|a Includes bibliographical references.
|
| 520 |
|
|
|a Title: "Institutional Autonomy of Educational Centers: Premises, Organization, Strategies" (Translation). "The proceedings of a conference dedicated to exploring institutional autonomy as it concerns Spanish educational centers. Covened at a time when decentralization was taking place in educational centers across Europe, and written from the standpoint that institutional autonomy is the central factor in determining how a center can carry out its mission, this book is divided into four parts: overview of institutional autonomy in educational centers, autonomy and its relation to the educational experience, the experience of self-management, and strategies for the development of institutional autonomy."--From introduction (translated) Key terms. Places: Spain--Periods: 20th century--Forms: Congresses--Forms: Education.
|
| 650 |
|
0 |
|a School management and organization.
|
| 655 |
|
0 |
|a Electronic books.
|
| 700 |
1 |
|
|a Villa, Aurelio.
|
| 700 |
1 |
|
|a Gairín Sallán, Joaquín.
|
| 791 |
2 |
|
|a Digitalia (Firm),
|e distributor.
|
| 830 |
|
0 |
|a Publicaciones de la Universidad de Deusto.
|p Pedagogía ;
|v v. 5.
|
| 793 |
0 |
|
|g Digitalia eBook Collection:
|a Universidad de Deusto.
|
| 856 |
4 |
0 |
|3 Digitalia Hispánica
|u https://www.digitaliapublishing.com/a/17597/
|
| 910 |
|
|
|a Premium Collection: 2007-2012
|